| Tag |
First Indicator |
Second Indicator |
Subfields |
| LEADER |
00000cem a2200000 i 4500 |
| 001 |
in00003427021 |
| 005 |
20151206091747.0 |
| 007 |
aj canzn |
| 008 |
140108s2013 dcu g a f 0 eng c |
| 034 |
1 |
|
|a a
|b 85000
|
| 035 |
|
|
|a (OCoLC)ocn867736074
|
| 040 |
|
|
|a GPO
|b eng
|e rda
|c GPO
|d MvI
|d UtOrBLW
|
| 042 |
|
|
|a pcc
|
| 043 |
|
|
|a n-us-ut
|
| 049 |
|
|
|a UDOC
|
| 052 |
|
|
|a 4342
|b B7
|
| 074 |
|
|
|a 0648
|
| 086 |
0 |
|
|a I 29.2:B 84/4/2013
|
| 110 |
1 |
|
|a United States.
|b National Park Service,
|e cartographer.
|
| 245 |
1 |
0 |
|a Bryce Canyon :
|b Bryce Canyon National Park, Utah /
|c National Park Service, U.S. Department of the Interior.
|
| 255 |
|
|
|a Scale approximately 1:85,000.
|
| 264 |
|
1 |
|a [Washington, D.C.] :
|b National Park Service,
|c [2013]
|
| 300 |
|
|
|a 1 map :
|b color ;
|c 39 x 16 cm, sheet 60 x 42 cm, folded to 10 x 21 cm
|
| 336 |
|
|
|a cartographic image
|b cri
|2 rdacontent
|
| 337 |
|
|
|a unmediated
|b n
|2 rdamedia
|
| 338 |
|
|
|a sheet
|b nb
|2 rdacarrier
|
| 500 |
|
|
|a Relief shown by shading and spot heights.
|
| 500 |
|
|
|a Panel title.
|
| 500 |
|
|
|a Shipping list number: 2014-0071-P.
|
| 500 |
|
|
|a "*GPO:2013--378-769/30164."
|
| 500 |
|
|
|a Includes text, color illustrations, and ancillary map of Bryce Amphitheater.
|
| 500 |
|
|
|a Text, 3 ancillary maps, and color illustrations on verso.
|
| 651 |
|
0 |
|a Bryce Canyon National Park (Utah)
|v Maps.
|
| 650 |
|
0 |
|a Outdoor recreation
|z Utah
|z Bryce Canyon National Park
|v Maps.
|
| 655 |
|
7 |
|a Tourist maps.
|2 lcgft
|
| 999 |
|
|
|a MARS
|
| 999 |
f |
f |
|s 1309299f-be7b-3090-8d4a-b98515274b6c
|i d19c481d-8aed-3ff4-85de-f4f6c951a56a
|t 0
|
| 952 |
f |
f |
|p normal
|a Texas A&M University
|b College Station
|c Sterling C. Evans Library
|d Evans: US Documents (Annex 5th floor)
|t 0
|e I 29.2:B 84/6
|h Superintendent of Documents classification
|i unmediated -- sheet
|m A14839362127
|
| 998 |
f |
f |
|a I 29.2:B 84/6
|t 0
|l Evans: US Documents (Annex 5th floor)
|